000 00637nam a2200169Ia 4500
003 GCL
008 140319s9999 xx 000 0 ara d
040 _aGCL /
_cGCL
082 0 4 _aط
_b001.6404
_bك هـ
100 1 _aكمبيوتر صخر بيكو :مركز التدريب
245 1 0 _aهيا نتعلم الكمبيوتر /
_cكمبيوتر صخر بيكو :مركز التدريب
260 _a[S.N] :
_bلجنة الاعلام والدراسات المستقبلية ،
_c1987
300 _a89 ص
490 _aسلسلة الكتب التعليمية
_v0
650 0 4 _aالحاسبات الالكترونية
942 _2ddc
_cBK
999 _c39209
_d39209